Countries that have hosted Formula One - Statistics

General Stats
  • This quiz has been taken 308 times
    165 since last reset
  • The average score is 30 of 33
Answer Stats
Continent Country % Correct
Oceania Australia
99%
South America Brazil
99%
North America Canada
98%
Asia Japan
97%
Asia/ Europe Russia
97%
Asia China
96%
Europe Germany
96%
North America Mexico
96%
Europe Spain
96%
Europe United Kingdom
96%
North America United States of America
96%
South America Argentina
95%
Europe Italy
94%
Europe France
93%
Europe Belgium
92%
Africa South Africa
92%
Europe Austria
91%
Asia/ Europe Turkey
89%
Europe Hungary
88%
Europe Monaco
87%
Europe Portugal
87%
Europe the Netherlands
87%
Asia India
86%
Asia South Korea
86%
Asia Saudi Arabia
85%
Asia United Arab Emirates
85%
Asia Azerbaijan
84%
Asia Bahrain
82%
Asia Singapore
81%
Europe Sweden
81%
Africa Morocco
80%
Asia Malaysia
78%
Europe Switzerland
78%
No matching quizzes found
Score Distribution
Percent of People with Each Score
Percentile by Number Answered
Your Score History
You have not taken this quiz since the last reset